000 00186 a2200097 4500
020 _a9780448434070
041 _aeng
100 _aGrosset y Dunlap
245 _aDick and Jane
942 _cK
999 _c27776
_d27776